INDIA,HEALTHE CARE PATTERN AND PLANNINGS (Record no. 1165)
[ view plain ]
| 000 -LEADER | |
|---|---|
| fixed length control field | 00334nam a2200133Ia 4500 |
| 008 - FIXED-LENGTH DATA ELEMENTS--GENERAL INFORMATION | |
| fixed length control field | 150201s2004 xx 000 0 und d |
| 082 ## - DEWEY DECIMAL CLASSIFICATION NUMBER | |
| Classification number | 610.72 |
| Item number | I04A |
| 100 ## - MAIN ENTRY--PERSONAL NAME | |
| Personal name | AKHTAR,RAIS |
| 245 ## - TITLE STATEMENT | |
| Title | INDIA,HEALTHE CARE PATTERN AND PLANNINGS |
| 250 ## - EDITION STATEMENT | |
| Edition statement | 1ST |
| 260 ## - PUBLICATION, DISTRIBUTION, ETC. (IMPRINT) | |
| Name of publisher, distributor, etc. | AITBS |
| Place of publication, distribution, etc. | DELHI |
| Date of publication, distribution, etc. | 2004 |
| 650 ## - SUBJECT ADDED ENTRY--TOPICAL TERM | |
| Topical term or geographic name as entry element | COMMUNITY MEDICINE |
| 942 ## - ADDED ENTRY ELEMENTS (KOHA) | |
| Source of classification or shelving scheme | Dewey Decimal Classification |
| Koha item type | Books |
| Withdrawn status | Lost status | Source of classification or shelving scheme | Damaged status | Not for loan | Collection code | Home library | Current library | Shelving location | Date acquired | Source of acquisition | Cost, normal purchase price | SGTU | Bill Number | Total Checkouts | Full call number | Barcode | Date last seen | Bill Date | Koha item type |
|---|---|---|---|---|---|---|---|---|---|---|---|---|---|---|---|---|---|---|---|
| Dewey Decimal Classification | MEDICAL | SGT Medical Library | SGT Medical Library | Text Book | 21/12/2010 | U.B.S. DELHI | 795.00 | SGTU | 726 | 610.72 I04A | FM4522 | 07/01/2017 | 21/12/2010 | Books | |||||
| Withdrawn | Dewey Decimal Classification | MEDICAL | SGT Medical Library | SGT Medical Library | Text Book | 21/12/2010 | U.B.S. DELHI | 795.00 | SGTU | 726 | 611.72 I04A | FM4523 | 09/02/2015 | 21/12/2010 | Books |